000 00308nam a22001337a 4500
008 170309b xxu||||| |||| 00| 0 eng d
020 _a9780321510976
041 _aeng
080 _28TH
_a611
100 _a6
101 _aSHM
245 _aFUNDAMENTALS OF ANATOMY & PHYSIOLOGY
_cMAGID, A.D
942 _2udc
_cBK
999 _c7305
_d7305